|
|
|
|
| LEADER |
00000nam0a2200000 4500 |
| 001 |
290238 |
| 005 |
20231102000251.0 |
| 020 |
|
|
|a RU
|b 83-81799
|
| 035 |
|
|
|a (RuTPU)RU\TPU\book\314786
|
| 090 |
|
|
|a 290238
|
| 100 |
|
|
|a 20150404d1983 k y0rusy5003 ca
|
| 101 |
0 |
|
|a rus
|
| 102 |
|
|
|a RU
|
| 105 |
|
|
|a a z 001zy
|
| 200 |
1 |
|
|a Химическая технология, свойства и применение пластмасс
|e межвузовский сборник научных трудов
|f Ленинградский технологический институт им. Ленсовета (ЛТИ) ; под ред. А. Ф. Николаева
|
| 210 |
|
|
|a Ленинград
|c Изд-во ЛТИ
|d 1983
|
| 215 |
|
|
|a 133 с.
|c ил.
|
| 320 |
|
|
|a Библиография в конце статей
|
| 606 |
|
|
|a Пластмассы
|x Технологические свойства
|2 stltpush
|3 (RuTPU)RU\TPU\subj\49147
|9 67958
|
| 610 |
1 |
|
|a полимеры
|
| 610 |
1 |
|
|a получение
|
| 610 |
1 |
|
|a полимеризация
|
| 610 |
1 |
|
|a полиэфиры
|
| 610 |
1 |
|
|a исследование
|
| 610 |
1 |
|
|a прозрачные пленки
|
| 610 |
1 |
|
|a клеи
|
| 610 |
1 |
|
|a физико-механические свойства
|
| 610 |
1 |
|
|a горючесть
|
| 610 |
1 |
|
|a пресс-материалы
|
| 610 |
1 |
|
|a катиониты
|
| 610 |
1 |
|
|a углеродные адсорбенты
|
| 675 |
|
|
|a 678.5-1
|v 3
|
| 702 |
|
1 |
|a Николаев
|b А. Ф.
|g Анатолий Федорович
|4 340
|
| 712 |
0 |
2 |
|a Ленинградский технологический институт им. Ленсовета (ЛТИ)
|2 stltpush
|3 (RuTPU)RU\TPU\col\1462
|
| 801 |
|
0 |
|a RU
|b RuMRKP
|c 19950704
|g psbo
|
| 801 |
|
1 |
|a RU
|b 63413507
|c 20150404
|
| 801 |
|
2 |
|a RU
|b 63413507
|c 20180402
|g RCR
|
| 942 |
|
|
|c BK
|